000
00265nam a2200109Ia 4500
008
190911s9999||||xx |||||||||||||| ||und||
100
_a
Schalkoff,Robert J.
245
0
_a
Artificial Neural Networks
260
_a
New york
_b
Pearson
_c
1997
300
_a
422
942
_c
BK
999
_c
6724
_d
6724